[Event "COL-ch U16"]
[Site "Medellin"]
[Date "2025.04.27"]
[Round "7"]
[White "Marin Marin, Cristobal"]
[Black "Zapata Urrego, Camilo"]
[Result "1/2-1/2"]
[WhiteElo "1616"]
[BlackElo "1450"]
[PlyCount "42"]
[EventDate "2025.04.24"]
[EventType "swiss"]
[EventRounds "7"]
[EventCountry "COL"]
[SourceTitle "CB18_2025"]
[SourceDate "2025.04.30"]
[SourceVersion "1"]
[SourceVersionDate "2025.04.30"]
[SourceQuality "1"]

1. d4 Nf6 2. c4 e6 3. Nc3 Bb4 4. e3 0-0 5. Nge2 b6 6. a3 Bxc3+ 7. Nxc3 Bb7 8. f3 c5 9. Be2 d5 10. 0-0 Nbd7 11. b3 Qc7 12. Bb2 dxc4 13. Bxc4 cxd4 14. exd4 Rad8 15. Qc2 a6 16. Rad1 b5 17. Bd3 Nb6 18. Ne4 Nfd5 19. Qxc7 Nxc7 20. Nc5 Ba8 21. Rfe1 Nbd5 1/2-1/2

[Event "COL-chT sf"]
[Site "Medellin"]
[Date "2024.11.10"]
[Round "6.3"]
[White "Ossa Quintero, Vladimir Andrey"]
[Black "Marin Marin, Cristobal"]
[Result "1-0"]
[WhiteElo "1976"]
[BlackElo "1652"]
[PlyCount "59"]
[EventDate "2024.11.07"]
[EventType "team-swiss"]
[EventRounds "6"]
[EventCountry "COL"]
[SourceTitle "CB49_2024"]
[SourceDate "2024.12.04"]
[SourceVersion "1"]
[SourceVersionDate "2024.12.04"]
[SourceQuality "1"]
[WhiteTeam "Antioquia II"]
[BlackTeam "Antioquia Sabaneta"]
[WhiteTeamCountry "COL"]
[BlackTeamCountry "COL"]

1. d4 d5 2. c4 e6 3. Nc3 a6 4. e4 Bb4 5. Qa4+ Nc6 6. Bd2 Bxc3 7. Bxc3 Bd7 8. cxd5 exd5 9. exd5 Nce7 10. Qb3 b6 11. d6 cxd6 12. d5 f6 13. Nf3 Nh6 14. Bd3 Bf5 15. 0-0-0 0-0 16. Nd4 Bd7 17. Qc2 g6 18. h4 Nef5 19. Qd2 Nxd4 20. Qxh6 Nf5 21. Qf4 Kf7 22. g4 Ng7 23. Rh3 f5 24. Qd4 Rg8 25. Rf3 Qxh4 26. Rh3 Qg5+ 27. f4 Qd8 28. Rxh7 Kf8 29. Rxg7 Rc8 30. Rxg8+ 1-0

[Event "COL-chT sf"]
[Site "Medellin"]
[Date "2024.11.09"]
[Round "4.3"]
[White "Clavijo, Jorge Mario"]
[Black "Marin Marin, Cristobal"]
[Result "1-0"]
[WhiteElo "2234"]
[BlackElo "1652"]
[PlyCount "89"]
[EventDate "2024.11.07"]
[EventType "team-swiss"]
[EventRounds "6"]
[EventCountry "COL"]
[SourceTitle "CB49_2024"]
[SourceDate "2024.12.04"]
[SourceVersion "1"]
[SourceVersionDate "2024.12.04"]
[SourceQuality "1"]
[WhiteTeam "Antioquia ADP"]
[BlackTeam "Antioquia Sabaneta"]
[WhiteTeamCountry "COL"]
[BlackTeamCountry "COL"]

1. d4 Nf6 2. c4 d5 3. cxd5 Nxd5 4. e4 Nf6 5. Nc3 e6 6. Nf3 Be7 7. Bd3 b6 8. 0-0 Bb7 9. Qc2 Nc6 10. e5 Nd5 11. a3 h6 12. Ne4 g5 13. Bb5 Qd7 14. Bxg5 hxg5 15. Rac1 Nf4 16. Rfe1 a6 17. Bxc6 Bxc6 18. Qxc6 Qxc6 19. Rxc6 Kd7 20. Rc2 g4 21. Nfd2 Rh6 22. g3 Nh3+ 23. Kg2 Rah8 24. Nf1 Ng5 25. Nxg5 Bxg5 26. Re4 f5 27. exf6 Bxf6 28. Rxg4 Rh5 29. Re4 Rd5 30. h4 Rxd4 31. Rxd4+ Bxd4 32. f4 c5 33. Nd2 Bf6 34. Nf3 Ke7 35. g4 Rf8 36. g5 Bg7 37. Kg3 Kf7 38. Kg4 Ke7 39. h5 Kf7 40. h6 Bh8 41. Ne5+ Ke7 42. Rd2 Bxe5 43. fxe5 Rg8 44. h7 Rh8 45. g6 1-0

[Event "Medellin Castro Memorial op-B 31st"]
[Site "Medellin"]
[Date "2024.08.10"]
[Round "7"]
[White "Vallejo, Diego"]
[Black "Marin Marin, Cristobal"]
[Result "1-0"]
[WhiteElo "1808"]
[BlackElo "1448"]
[PlyCount "71"]
[EventDate "2024.08.07"]
[EventType "swiss"]
[EventRounds "9"]
[EventCountry "COL"]
[SourceTitle "CBM 221 Extra"]
[Source "ChessBase"]
[SourceDate "2024.09.30"]
[SourceVersion "1"]
[SourceVersionDate "2024.09.30"]
[SourceQuality "1"]

1. e4 e6 2. d4 d5 3. Nd2 Nf6 4. e5 Nfd7 5. Bd3 c5 6. c3 Nc6 7. Ne2 Qb6 8. Nf3 cxd4 9. cxd4 Be7 10. 0-0 f6 11. Nf4 fxe5 12. dxe5 Nc5 13. Be3 Qc7 14. Bxc5 Bxc5 15. Ng5 Qe7 16. Qh5+ Kd8 17. Nf7+ Kc7 18. Nxh8 g6 19. Nhxg6 hxg6 20. Bxg6 Bd4 21. Rfe1 Bxb2 22. Rad1 Qg7 23. Nd3 Ba3 24. Re3 Be7 25. Rg3 Qf8 26. Bf7 Qd8 27. Rg8 Qd7 28. Qg6 Nd8 29. Be8 Qxe8 30. Qxe8 Bh4 31. g3 Bxg3 32. Qxd8+ Kc6 33. Qd6+ Kb5 34. a4+ Kc4 35. Rg4+ Bf4 36. Qb4# 1-0